Cognomi più diffusi in Piemonte - Statistics

Statistiche generali
  • Questo quiz è stato fatto 79 volte
  • Il punteggio medio è 3 su 10
Statistiche sulle risposte
Cognome % Corretto
Rossi
86%
Ferrero
60%
Ferrari
41%
Bianco
40%
Barbero
27%
Rosso
27%
Gallo
19%
Ferraris
16%
Giordano
10%
Bruno
6%
Nessun quiz corrispondente trovato
Distribuzione punteggi
Percentuale di utenti per punteggio
Percentile per numero di risposta
I tuoi punteggi nel tempo
Non hai fatto questo quiz